Gramàtica de la notació Laban : volums 1 i 2 : la simbolització del moviment dansat / Jacqueline Challet-Hass volums 1 i 2 :
ISBN:
978-84-9803-391-5
Descripción Física:
307 p. : il ; 29 cm
Colección:
Materials pedagògics ; 10
Materias:
Dansa -- Ensenyament
MARC
| LEADER | 00000nam a2200000Ia 4500 | ||
|---|---|---|---|
| 001 | 23084 | ||
| 008 | 160829s2010 xx 000 0 cat d | ||
| 020 | |a 978-84-9803-391-5 | ||
| 080 | |a B-2-239 | ||
| 100 | |a Challet-Haas, Jacqueline |9 41436 | ||
| 245 | |a Gramàtica de la notació Laban : |b volums 1 i 2 : |b la simbolització del moviment dansat / Jacqueline Challet-Hass | ||
| 260 | |a Barcelona : |b Diputació de Barcelona, Institut del Teatre, |c 2010 | ||
| 300 | |a 307 p. : |b il ; |c 29 cm | ||
| 490 | |a Materials pedagògics ; 10 | ||
| 590 | |a Bibliografia. | ||
| 590 | |a Títol original: Grammaire de la notation Laban. Volumes 1 et 2. Simbolisation du Mouvement Dansé (SMD) | ||
| 650 | |a Dansa |x Ensenyament |9 41437 | ||
| 710 | 1 | |a Institut del Teatre (Barcelona, Catalunya) |9 52662 | |
| 710 | 1 | |a Barcelona (Catalunya : Província). |b Diputació |9 52408 | |
| 901 | |a Arxiu | ||
| 942 | |n 1 | ||
| 952 | |0 0 |1 0 |4 0 |6 B2239 |7 1 |9 50207 |a Arxiu |b Arxiu |d 2016-12-01 |l 0 |o B-2-239 |p 23084 |r 2016-12-01 00:00:00 |w 2016-12-01 |y ARXIU | ||
| 999 | |c 54049 |d 54049 | ||